Statistiques concernant FLAG continent

Cliquez ici pour prendre le quiz!

Statistiques générales

  • Ce quiz a été pris 102 fois
  • Le résultat moyen est 35 sur 45

Statistiques - réponses

QuestionTuileSelect% Correct
pays EuropéensNon
98%
pays d'OcéanieNon
92%
pays d'OcéanieNon
91%
pays AfricainsNon
91%
pays d'OcéanieOui
90%
pays d'AsieOui
90%
pays EuropéensOui
89%
pays d'AsieOui
89%
pays EuropéensOui
88%
pays AfricainsNon
88%
pays EuropéensNon
87%
pays AfricainsOui
87%
pays d'AmeriqueNon
86%
pays d'OcéanieNon
86%
pays EuropéensOui
84%
pays d'AsieOui
84%
pays d'AmeriqueOui
82%
pays d'AsieNon
82%
pays d'AmeriqueOui
82%
pays d'AsieNon
82%
pays d'AmeriqueNon
82%
pays AfricainsOui
81%
pays d'AsieNon
80%
pays EuropéensOui
79%
pays EuropéensOui
79%
pays d'AmeriqueOui
74%
pays AfricainsOui
74%
pays d'AsieOui
74%
pays AfricainsNon
73%
pays d'AmeriqueNon
73%
pays d'OcéanieOui
72%
pays EuropéensOui
72%
pays d'OcéanieOui
72%
pays AfricainsOui
71%
pays d'AsieNon
70%
pays d'AmeriqueOui
69%
pays AfricainsNon
69%
pays d'OcéanieOui
67%
pays AfricainsOui
66%
pays d'OcéanieNon
61%
pays d'OcéanieOui
60%
pays d'AmeriqueOui
57%
pays EuropéensNon
54%
pays d'AsieOui
53%
pays d'AmeriqueOui
47%

Distribution des résultats

Percentile par nombre de réponses

% des personnes avec chaque résultat

Votre développement - résultats

Vous n’avez pas pris ce quiz